000 00534nam a22001217a 4500
040 _cRUA
082 _aLMA MON 2025 B701 Or.1
100 _aMONG NY, ម៉ុង នី
245 _aStudying land prices in chiang keap commune, kangal steung district, kandal province, សិក្សាពីតម្លៃដីនៅក្នុងឃុំជើងកើប ស្រុកកណ្ដាលស្ទឹង ខេត្តកណ្ដាល
260 _aPHNOM PENH
_bRUA
_c2025
300 _axii,54p.
_bill.
_c29cm.
942 _cLMA
999 _c25773
_d25773